000 00516nam a2200181 i 4500
001 bg
100 1 _aSONDIJ, Franciszek
245 1 0 _aTermokinetyka :
_bzagadnienia wybrane /
_cFranciszek Sondij ; Politechnika Lubelska.
260 _aLublin :
_bWydaw. Uczelniane PL,
_c1994.
300 _a125 s. :
_brys., wykr. ;
_c24 cm.
504 _aBibliogr. s. 125.
650 9 _aTermodynamika techniczna
040 _cBPK
041 0 _apl
080 _a621.1.01
942 _cKS
008 s pl f |000 0 pol
999 _c6732
_d6732
856 _uhttp://koha.tu.koszalin.pl/cgi-bin/koha/opac-detail.pl?biblionumber=6732
_yKatalog online BPK